You are the umpire : (Record no. 170341)

MARC details
000 -LEADER
fixed length control field 00881nam a2200277 a 4500
008 - FIXED-LENGTH DATA ELEMENTS--GENERAL INFORMATION
fixed length control field
020 ## - INTERNATIONAL STANDARD BOOK NUMBER
International Standard Book Number 9780600635741 (paperback)
040 ## - CATALOGING SOURCE
Original cataloging agency NUST
Transcribing agency NUST
049 ## - LOCAL HOLDINGS (OCLC)
Holding library MAIN
090 ## - LOCALLY ASSIGNED LC-TYPE CALL NUMBER (OCLC); LOCAL CALL NUMBER (RLIN)
Classification number (OCLC) (R) ; Classification number, CALL (RLIN) (NR) GV917
Local cutter number (OCLC) ; Book number/undivided call number, CALL (RLIN) TRE
003 - CONTROL NUMBER IDENTIFIER
control field
005 - DATE AND TIME OF LATEST TRANSACTION
control field 20230123141244.0
100 1# - MAIN ENTRY--PERSONAL NAME
Personal name Trevillion, Paul.,
-- author.
245 10 - TITLE STATEMENT
Title You are the umpire :
Remainder of title 300 cricketing conundrums for you to solve/
Statement of responsibility, etc. Paul Trevillion & John Holder.
260 ## - PUBLICATION, DISTRIBUTION, ETC.
Place of publication, distribution, etc. Great Britain :
Name of publisher, distributor, etc. Cassell,
Date of publication, distribution, etc. 2019.
300 ## - PHYSICAL DESCRIPTION
Extent 160 pages illustrations (chiefly colour) ;
Dimensions 15x20 cm.
336 ## - CONTENT TYPE
Content type term text
Content type code txt
Source rdacontent
337 ## - MEDIA TYPE
Media type term unmediated
Media type code n
Source rdamedia
338 ## - CARRIER TYPE
Carrier type term volume
Carrier type code nc
Source rdacarrier
500 ## - GENERAL NOTE
General note Includes index.
650 #1 - SUBJECT ADDED ENTRY--TOPICAL TERM
Topical term or geographic name entry element Cricket.
650 ## - SUBJECT ADDED ENTRY--TOPICAL TERM
Topical term or geographic name entry element Cricket
General subdivision Umpiring.
700 ## - ADDED ENTRY--PERSONAL NAME
Personal name Holder, John.,
-- author.
907 ## - LOCAL DATA ELEMENT G, LDG (RLIN)
a .b10418738
b 17-05-22
c 17-05-22
942 ## - ADDED ENTRY ELEMENTS (KOHA)
Koha item type Ordinary Loan Books
Call number prefix GV917
Call number suffix TRE
Holdings
Date last seen Total Checkouts Full call number Barcode Cost, replacement price Price effective from Koha item type Lost status Source of classification or shelving scheme Damaged status Not for loan Collection Withdrawn status Home library Current library Shelving location Date acquired Cost, normal purchase price
01/23/2023   GV917 TRE 92004052069 80.00 01/23/2023 BOOKS   lcc     NFIC   MAIN MAIN GEN 01/23/2023 80.00